| 000 | 02302nam a2200349 i 4500 | ||
|---|---|---|---|
| 001 | in902976237 | ||
| 003 | Ingram | ||
| 005 | 20250625091921.0 | ||
| 008 | 250421s2025 nyu 000 1 eng d | ||
| 020 |
_a9780593726983 _q(hardcover) |
||
| 035 | _a(OCoLC)1452505033 | ||
| 040 |
_aTnLvILS _beng _erda _cTnLvILS |
||
| 043 | _an-us-in | ||
| 082 | 0 | 4 |
_a813/.6 _223 |
| 092 |
_afiction _bFlowers, Ashley |
||
| 100 | 1 |
_aFlowers, Ashley, _eauthor. _96455141 |
|
| 245 | 1 | 4 |
_aThe missing half : _ba novel / _cAshley Flowers, with Alex Kiester. |
| 250 | _aFirst edition. | ||
| 264 | 1 |
_aNew York : _bBantam, _c[2025] |
|
| 300 |
_a272 pages ; _c24 cm |
||
| 336 | _atext | ||
| 337 | _aunmediated | ||
| 338 | _avolume | ||
| 520 | _a"Nicole "Nic" Monroe is in a rut. At twenty-four, she lives alone in a dinky apartment in her hometown of Mishawaka, Indiana, she's just gotten a DWI, and she works the same dead-end job she's been working since high school, a job she only has because her boss is a family friend and feels sorry for her. Everyone has felt sorry for her for the last seven years--since the day her older sister, Kasey, vanished without a trace. On the night Kasey went missing, her car was found over a hundred miles from home. The driver's door was open and her purse was untouched in the seat next to it. The only real clue in her disappearance was Jules Connor, another young woman from the same area who disappeared in the same way, two weeks earlier. But with so little for the police to go on, both cases eventually went cold. Nic wants nothing more than to move on from her sister's disappearance and the state it's left her in. But then one day, Jules's sister, Jenna Connor, walks into Nic's life and offers her something she hasn't felt in a long time: hope. What follows is a gripping tale of two sisters who will do anything to find their missing halves, even if it means destroying everything they've ever known"-- | ||
| 650 | 0 |
_aSisters _vFiction. _95674091 |
|
| 650 | 0 |
_aMissing persons _vFiction. |
|
| 651 | 0 |
_aMishawaka (Ind.) _vFiction. _96544885 |
|
| 655 | 7 |
_aDetective and mystery fiction. _2lcgft _95683641 |
|
| 655 | 7 |
_aThrillers (Fiction) _2lcgft |
|
| 700 | 1 |
_aKiester, Alex, _eauthor. _96544886 |
|
| 942 |
_2ddc _cBOOK |
||
| 999 |
_c408065 _d408065 |
||